Podnikateľské príležitosti v kúpeľníctve Slovenskej republiky
Podnikateľské príležitosti v kúpeľníctve. Východiskové podmienky podnikania v kúpeľníctve. Podpora podnikateľských aktivít. Charakteristika oprávnených aktivít. Zvýšenie konkurenčnej schopnosti podnikateľských aktivít.
Enregistré dans:
| Auteur principal: | |
|---|---|
| Format: | Chapitre de livre |
| Langue: | slovaque |
| Sujets: | |
| Tags: |
Pas de tags, Soyez le premier à ajouter un tag!
|
MARC
| LEADER | 00000naa$a2200000$$$4500 | ||
|---|---|---|---|
| 001 | 0045851 | ||
| 005 | 20240502071530.5 | ||
| 041 | 0 | |a slo | |
| 044 | |a SK | ||
| 245 | 1 | 0 | |a Podnikateľské príležitosti v kúpeľníctve Slovenskej republiky |c Darina Eliašová |
| 520 | |a Podnikateľské príležitosti v kúpeľníctve. Východiskové podmienky podnikania v kúpeľníctve. Podpora podnikateľských aktivít. Charakteristika oprávnených aktivít. Zvýšenie konkurenčnej schopnosti podnikateľských aktivít. | ||
| 610 | 2 | 0 | |a kúpele |
| 610 | 2 | 0 | |a Slovensko |
| 610 | 2 | 0 | |a podnikanie |
| 610 | 2 | 0 | |a ruch cestovný kúpeľný |
| 100 | 1 | |a Eliašová, Darina | |